|
|
|
|
| LEADER |
03095nam a2200565 4500 |
| 001 |
978-3-662-56689-3 |
| 003 |
DE-He213 |
| 005 |
20191220130055.0 |
| 007 |
cr nn 008mamaa |
| 008 |
180312s2018 gw | s |||| 0|eng d |
| 020 |
|
|
|a 9783662566893
|9 978-3-662-56689-3
|
| 024 |
7 |
|
|a 10.1007/978-3-662-56689-3
|2 doi
|
| 040 |
|
|
|d GrThAP
|
| 050 |
|
4 |
|a TA1630-1650
|
| 072 |
|
7 |
|a UYT
|2 bicssc
|
| 072 |
|
7 |
|a COM012000
|2 bisacsh
|
| 072 |
|
7 |
|a UYT
|2 thema
|
| 072 |
|
7 |
|a UYQV
|2 thema
|
| 082 |
0 |
4 |
|a 006.6
|2 23
|
| 082 |
0 |
4 |
|a 006.37
|2 23
|
| 245 |
1 |
0 |
|a Transactions on Edutainment XIV
|h [electronic resource] /
|c edited by Zhigeng Pan, Adrian David Cheok, Wolfgang Müller.
|
| 250 |
|
|
|a 1st ed. 2018.
|
| 264 |
|
1 |
|a Berlin, Heidelberg :
|b Springer Berlin Heidelberg :
|b Imprint: Springer,
|c 2018.
|
| 300 |
|
|
|a X, 245 p. 101 illus.
|b online resource.
|
| 336 |
|
|
|a text
|b txt
|2 rdacontent
|
| 337 |
|
|
|a computer
|b c
|2 rdamedia
|
| 338 |
|
|
|a online resource
|b cr
|2 rdacarrier
|
| 347 |
|
|
|a text file
|b PDF
|2 rda
|
| 490 |
1 |
|
|a Transactions on Edutainment,
|x 1867-7207 ;
|v 10790
|
| 520 |
|
|
|a This journal subline serves as a forum for stimulating and disseminating innovative research ideas, theories, emerging technologies, empirical investigations, state-of-the-art methods, and tools in all different genres of edutainment, such as game-based learning and serious games, interactive storytelling, virtual learning environments, VR-based education, and related fields. It covers aspects from educational and game theories, human-computer interaction, computer graphics, artificial intelligence, and systems design. The 19 papers presented in the 14th issue were organized in topical sections named: 3D modeling and visualization; image; e-learning and games; and miscellaneous.
|
| 650 |
|
0 |
|a Optical data processing.
|
| 650 |
|
0 |
|a Artificial intelligence.
|
| 650 |
|
0 |
|a Education-Data processing.
|
| 650 |
|
0 |
|a Application software.
|
| 650 |
1 |
4 |
|a Image Processing and Computer Vision.
|0 http://scigraph.springernature.com/things/product-market-codes/I22021
|
| 650 |
2 |
4 |
|a Artificial Intelligence.
|0 http://scigraph.springernature.com/things/product-market-codes/I21000
|
| 650 |
2 |
4 |
|a Computers and Education.
|0 http://scigraph.springernature.com/things/product-market-codes/I24032
|
| 650 |
2 |
4 |
|a Computer Appl. in Social and Behavioral Sciences.
|0 http://scigraph.springernature.com/things/product-market-codes/I23028
|
| 700 |
1 |
|
|a Pan, Zhigeng.
|e editor.
|4 edt
|4 http://id.loc.gov/vocabulary/relators/edt
|
| 700 |
1 |
|
|a Cheok, Adrian David.
|e editor.
|4 edt
|4 http://id.loc.gov/vocabulary/relators/edt
|
| 700 |
1 |
|
|a Müller, Wolfgang.
|e editor.
|4 edt
|4 http://id.loc.gov/vocabulary/relators/edt
|
| 710 |
2 |
|
|a SpringerLink (Online service)
|
| 773 |
0 |
|
|t Springer eBooks
|
| 776 |
0 |
8 |
|i Printed edition:
|z 9783662566886
|
| 776 |
0 |
8 |
|i Printed edition:
|z 9783662566909
|
| 830 |
|
0 |
|a Transactions on Edutainment,
|x 1867-7207 ;
|v 10790
|
| 856 |
4 |
0 |
|u https://doi.org/10.1007/978-3-662-56689-3
|z Full Text via HEAL-Link
|
| 912 |
|
|
|a ZDB-2-SCS
|
| 912 |
|
|
|a ZDB-2-LNC
|
| 950 |
|
|
|a Computer Science (Springer-11645)
|